| 000 | 00399nam a2200109Ia 4500 | ||
|---|---|---|---|
| 008 | 171211s9999 xx 000 0 und d | ||
| 245 | _aSemantic Web Services: Advancement Through Evaluation | ||
| 245 | _cBirgitta Konig-Ries, Brian Blake, David Martin, Liliana Cabral, and Ulrich Kuster | ||
| 260 | _c2012 | ||
| 650 | _xWeb Development | ||
| 856 | _uhttp://down.ebook777.com/009/SemWebSerAdvThrEva.pdf | ||
| 999 |
_c350104 _d350104 |
||